[Event "Pan American-ch U18"]
[Site "Montevideo"]
[Date "2022.06.27"]
[Round "2"]
[White "Borges Cano, Angel Gabriel"]
[Black "Steiner, Matias"]
[Result "0-1"]
[WhiteElo "1349"]
[BlackElo "1593"]
[PlyCount "86"]
[EventDate "2022.06.26"]
[EventType "swiss"]
[EventRounds "9"]
[EventCountry "URU"]
[SourceTitle "EXT 2023"]
[Source "ChessBase"]
[SourceDate "2022.10.05"]
[SourceVersion "1"]
[SourceVersionDate "2022.10.05"]
[SourceQuality "1"]

1. d4 Nf6 2. c4 g6 3. Nc3 Bg7 4. Bg5 0-0 5. e3 d6 6. Nf3 h6 7. Bxf6 Bxf6 8. Bd3 c5 9. Ne4 Bg7 10. dxc5 dxc5 11. Nxc5 Qa5+ 12. Qd2 Qxc5 13. 0-0 Nc6 14. a3 Rd8 15. Qe2 a5 16. Rab1 Bf5 17. Bxf5 Qxf5 18. e4 Qe6 19. Rfc1 Ne5 20. Nd2 Rd7 21. Rc2 Rad8 22. Nb3 Qb6 23. Nd2 Nd3 24. b3 Qxf2+ 25. Qxf2 Nxf2 26. Kxf2 Rxd2+ 27. Rxd2 Rxd2+ 28. Kf1 Kf8 29. h3 Ke8 30. b4 a4 31. b5 Bd4 32. g3 Ra2 33. Rd1 Ra1 34. Rxa1 Bxa1 35. Ke2 b6 36. Kd2 Bb2 37. Kc2 Bxa3 38. g4 Kd7 39. Kc3 Kd6 40. h4 h5 41. g5 Ke5 42. Kd3 Bc5 43. Kc3 Kxe4 0-1

[Event "FIDE World Cup Mexico Qual"]
[Site "Mexico City"]
[Date "2021.05.29"]
[Round "6"]
[White "Francisco Cruz, Yahir Alberto"]
[Black "Borges Cano, Angel Gabriel"]
[Result "1-0"]
[WhiteElo "1740"]
[BlackElo "1274"]
[PlyCount "121"]
[EventDate "2021.05.26"]
[EventType "swiss"]
[EventRounds "9"]
[EventCountry "MEX"]
[SourceTitle "CBM 202 Extra"]
[Source "ChessBase"]
[SourceDate "2021.07.31"]
[SourceVersion "1"]
[SourceVersionDate "2021.07.31"]
[SourceQuality "1"]

1. e4 e6 2. d4 d5 3. e5 c5 4. c3 Nc6 5. Nf3 Nh6 6. a3 Nf5 7. b4 b6 8. Bb2 c4 9. a4 Bd7 10. Be2 Be7 11. Nbd2 0-0 12. 0-0 f6 13. exf6 Rxf6 14. Re1 Qc7 15. Nf1 Raf8 16. Bc1 Bd8 17. Ng3 Nxg3 18. hxg3 Be7 19. b5 Na5 20. Bg5 R6f7 21. Bxe7 Rxe7 22. Ne5 Nb7 23. Ra2 Nd6 24. Bf3 Nf7 25. Rae2 Nxe5 26. Rxe5 Ref7 27. Qe2 Qc8 28. Rxe6 Bxe6 29. Qxe6 Qxe6 30. Rxe6 Rxf3 31. gxf3 Rxf3 32. Re3 Rxe3 33. fxe3 Kf7 34. Kf2 Kf6 35. Kf3 h5 36. e4 dxe4+ 37. Kxe4 g5 38. Kd5 h4 39. gxh4 gxh4 40. Ke4 h3 41. Kf3 Kf5 42. Kg3 h2 43. Kxh2 Ke4 44. Kg2 Kd3 45. d5 Kxc3 46. d6 Kb2 47. d7 c3 48. d8Q c2 49. Qd2 Kb1 50. Qb4+ Ka2 51. Qc3 Kb1 52. Qb3+ Kc1 53. Kf2 Kd2 54. Qb2 Kd1 55. Qd4+ Kc1 56. Ke2 Kb1 57. Qb4+ Kc1 58. Kd3 a5 59. bxa6 b5 60. axb5 Kd1 61. Qd2# 1-0